Vòng tròn bội bạc Tiểu thuyết

Saved in:
Bibliographic Details
Main Author: Chu, Lai
Format: Book
Published: Hà Nội Văn Học 2018
Subjects:
Tags: Add Tag
No Tags, Be the first to tag this record!
Institutions: Trung tâm Học liệu Lê Vũ Hùng, Trường Đại học Đồng Tháp
LEADER 00711pam a22002298a 4500
001 00042731
005 20181017101039.0
008 130410s2001 ||||||Viesd
020 # # |c 92000  |a 978 604 95 75 27 
041 0 # |a Vie 
082 1 4 |a 895.922 334  |b V431TR 
100 1 # |a Chu, Lai 
245 1 0 |b Tiểu thuyết  |a Vòng tròn bội bạc  |c Chu Lai 
260 # # |a Hà Nội  |b Văn Học  |c 2018 
300 # # |a 427 tr.  |c 21 cm 
653 # # |a Tiểu thuyết 
653 # # |a Việt Nam 
653 # # |a Văn học hiện đại 
653 # # |a Xã hội 
852 # # |j KD.0024971  |j KM.0026642 
910 |d 17/10/2018 
980 # # |a Trung tâm Học liệu Lê Vũ Hùng, Trường Đại học Đồng Tháp